[Event "Warsaw Maciei Memorial Blitz"]
[Site "Warsaw"]
[Date "2024.07.08"]
[Round "11"]
[White "Goslawski, Michal"]
[Black "Wojtacha, Krzysztof"]
[Result "1-0"]
[WhiteElo "2090"]
[BlackElo "1836"]
[PlyCount "109"]
[EventDate "2024.07.08"]
[EventType "swiss (blitz)"]
[EventRounds "11"]
[EventCountry "POL"]
[SourceTitle "CBM 221 Extra"]
[Source "ChessBase"]
[SourceDate "2024.09.30"]
[SourceVersion "1"]
[SourceVersionDate "2024.09.30"]
[SourceQuality "1"]

1. Nf3 Nf6 2. c4 e6 3. g3 d5 4. Bg2 c6 5. 0-0 Bd6 6. d4 0-0 7. Nc3 Nbd7 8. Nd2 a6 9. e4 dxe4 10. Ndxe4 Be7 11. Be3 Nb6 12. b3 a5 13. Qe2 a4 14. c5 Nbd5 15. Nxa4 Nxe4 16. Bxe4 f5 17. Bxd5 exd5 18. Bf4 Bf6 19. Be5 Rf7 20. f4 Qe7 21. Rfe1 Bxe5 22. Qxe5 Qxe5 23. Rxe5 Bd7 24. Kf2 Re8 25. Rae1 Rxe5 26. Rxe5 g6 27. Nb6 Kf8 28. Ke3 Be8 29. Nc8 Rd7 30. Nd6 Bf7 31. Kd3 b6 32. Kc3 b5 33. Kb4 Ra7 34. a4 bxa4 35. bxa4 Ra8 36. a5 Rb8+ 37. Ka4 Ra8 38. Re3 Ra7 39. Nxf7 Kxf7 40. Rb3 Ke7 41. Rb8 Kd7 42. Rh8 Ke6 43. Re8+ Kf7 44. Rb8 Ke6 45. Rb6 Kd7 46. a6 Kc7 47. Ka5 Kd7 48. Rb7+ Rxb7 49. axb7 Kc7 50. Ka6 Kb8 51. Kb6 g5 52. Kxc6 gxf4 53. gxf4 h5 54. Kxd5 h4 55. Ke5 1-0

[Event "Warsaw Maciei Memorial Blitz"]
[Site "Warsaw"]
[Date "2024.07.08"]
[Round "4"]
[White "Gozdzikowski, Franciszek"]
[Black "Goslawski, Michal"]
[Result "1-0"]
[WhiteElo "1781"]
[BlackElo "2090"]
[PlyCount "73"]
[EventDate "2024.07.08"]
[EventType "swiss (blitz)"]
[EventRounds "11"]
[EventCountry "POL"]
[SourceTitle "CBM 221 Extra"]
[Source "ChessBase"]
[SourceDate "2024.09.30"]
[SourceVersion "1"]
[SourceVersionDate "2024.09.30"]
[SourceQuality "1"]

1. e4 c6 2. d4 d5 3. Nc3 dxe4 4. Nxe4 Nf6 5. Nxf6+ exf6 6. c3 Bd6 7. Bd3 0-0 8. Qc2 Re8+ 9. Ne2 h5 10. Be3 Nd7 11. 0-0-0 Nf8 12. Kb1 h4 13. h3 Be6 14. c4 Rc8 15. Nf4 b5 16. Nxe6 Nxe6 17. c5 Bf4 18. Bh7+ Kf8 19. Bf5 Bxe3 20. fxe3 Qe7 21. Qf2 g5 22. Rhf1 Kg7 23. g3 hxg3 24. Qxg3 Rh8 25. e4 Rcd8 26. Qe3 Rh4 27. d5 cxd5 28. exd5 Qxc5 29. Qxc5 Nxc5 30. d6 Ne6 31. Bg4 Rhh8 32. Rf5 a6 33. Rfd5 Kg6 34. Rc5 Rd7 35. Rc6 Rhd8 36. Rxa6 f5 37. Bf3 1-0

[Event "Warsaw Maciei Memorial"]
[Site "Warsaw"]
[Date "2023.07.10"]
[Round "6"]
[White "Goslawski, Michal"]
[Black "Karut, Kacper"]
[Result "0-1"]
[WhiteElo "2096"]
[BlackElo "2051"]
[PlyCount "67"]
[EventDate "2023.07.10"]
[EventType "swiss (blitz)"]
[EventRounds "11"]
[EventCountry "POL"]
[SourceTitle "CBM 215 Extra"]
[Source "ChessBase"]
[SourceDate "2023.09.30"]
[SourceVersion "1"]
[SourceVersionDate "2023.09.30"]
[SourceQuality "1"]

1. Nf3 Nf6 2. c4 g6 3. g3 Bg7 4. Bg2 0-0 5. 0-0 d6 6. d4 Nbd7 7. Nc3 e5 8. e4 c6 9. h3 Qe7 10. Re1 Ne8 11. b3 f5 12. exf5 gxf5 13. Be3 Qf6 14. Rc1 f4 15. dxe5 dxe5 16. gxf4 exf4 17. Bd4 Qg6 18. Bxg7 Nxg7 19. Kh2 Nf6 20. Qd2 Qh6 21. Ne4 Bf5 22. Nxf6+ Qxf6 23. Qd4 Qxd4 24. Nxd4 Rad8 25. Nxf5 Nxf5 26. Rcd1 Kf7 27. Be4 Nd4 28. c5 h6 29. h4 Rfe8 30. Bg2 Rxe1 31. Rxe1 f3 32. Bh3 h5 33. Re5 Rd5 34. Rxd5 0-1

[Event "Warsaw Maciei Memorial"]
[Site "Warsaw"]
[Date "2023.07.10"]
[Round "4"]
[White "Goslawski, Michal"]
[Black "Krzyzewski, Radoslaw"]
[Result "1/2-1/2"]
[WhiteElo "2096"]
[BlackElo "1485"]
[PlyCount "121"]
[EventDate "2023.07.10"]
[EventType "swiss (blitz)"]
[EventRounds "11"]
[EventCountry "POL"]
[SourceTitle "CBM 215 Extra"]
[Source "ChessBase"]
[SourceDate "2023.09.30"]
[SourceVersion "1"]
[SourceVersionDate "2023.09.30"]
[SourceQuality "1"]

1. Nf3 c5 2. g3 Nc6 3. Bg2 d5 4. d4 e6 5. 0-0 Nf6 6. c4 cxd4 7. Nxd4 Be7 8. Nc3 a6 9. cxd5 Nxd5 10. Nxd5 exd5 11. Be3 0-0 12. Nxc6 bxc6 13. Rc1 Bd7 14. Bc5 Re8 15. Bxe7 Qxe7 16. e3 Rab8 17. Qd4 Rb4 18. Qc3 Reb8 19. b3 a5 20. Rfd1 a4 21. bxa4 Rxa4 22. Rb1 Rba8 23. Rb7 Rxa2 24. Bh3 Rd8 25. Qxc6 Bxc6 26. Rxe7 Kf8 27. Rc7 Ba8 28. Bg2 Ra5 29. Bf3 g6 30. Kg2 Kg7 31. Rd4 h5 32. h3 Kf6 33. Rc2 Bb7 34. Rb2 Ba6 35. Rb6+ Ke7 36. Rxd5 Rdxd5 37. Bxd5 Rxd5 38. Rxa6 Rd2 39. Kf3 Kf8 40. Rb6 Rd3 41. Rb5 Rd6 42. h4 Rc6 43. Rb3 Kg7 44. e4 Re6 45. Rb5 Rc6 46. Rd5 Rc3+ 47. Kf4 Rc2 48. f3 Rc6 49. g4 Rf6+ 50. Ke3 hxg4 51. fxg4 Rf1 52. h5 gxh5 53. gxh5 Re1+ 54. Kd4 Rd1+ 55. Ke5 Rh1 56. Kd6 Ra1 57. Rf5 Ra6+ 58. Ke7 Re6+ 59. Kd7 Rxe4 60. Kd6 Re6+ 61. Kd5 1/2-1/2

[Event "Warsaw Przepiorka Memorial"]
[Site "Warsaw"]
[Date "2019.12.29"]
[Round "5"]
[White "Chyzy, Jakub"]
[Black "Goslawski, Michal"]
[Result "1/2-1/2"]
[WhiteElo "2291"]
[BlackElo "2157"]
[PlyCount "124"]
[EventDate "2019.12.27"]
[EventType "swiss"]
[EventRounds "9"]
[EventCountry "POL"]
[SourceTitle "CBM 194 Extra"]
[Source "ChessBase"]
[SourceDate "2020.03.31"]
[SourceVersion "1"]
[SourceVersionDate "2020.03.31"]
[SourceQuality "1"]

1. e4 e5 2. Nc3 Nf6 3. Nf3 Nc6 4. d4 exd4 5. Nxd4 Bb4 6. Nxc6 bxc6 7. Bd3 d5 8. exd5 cxd5 9. 0-0 0-0 10. Bg5 c6 11. Qf3 Bd6 12. h3 Re8 13. Rfe1 Be6 14. Ne2 c5 15. b3 h6 16. Bxf6 Qxf6 17. Qxf6 gxf6 18. Rad1 Red8 19. c4 d4 20. b4 a6 21. bxc5 Bxc5 22. Nf4 Re8 23. Nh5 Be7 24. Be4 Rac8 25. Bd5 Bd8 26. Rxd4 Kf8 27. Red1 f5 28. Bb7 Rb8 29. Bxa6 Bb6 30. R4d2 Re7 31. Nf4 Ba5 32. Nxe6+ Rxe6 33. Bb5 Bxd2 34. Rxd2 Ke7 35. g3 Rd6 36. Re2+ Re6 37. Rc2 f4 38. gxf4 Rf6 39. a4 Rxf4 40. c5 Rf6 41. c6 Rc8 42. Kf1 Re6 43. Rd2 Rd6 44. Re2+ Re6 45. Rc2 Rc7 46. Kg2 Re5 47. Rc4 Kd6 48. Kg3 f6 49. Kf4 Rce7 50. h4 Kc7 51. f3 Rd5 52. Kg4 h5+ 53. Kf4 Ree5 54. Rb4 Rf5+ 55. Kg3 Rc5 56. Rb3 Kd6 57. Re3 Rfe5 58. Rd3+ Red5 59. Re3 Re5 60. Rb3 Rf5 61. Ra3 Rfd5 62. Re3 Re5 1/2-1/2

[Event "Warsaw Przepiorka Memorial"]
[Site "Warsaw"]
[Date "2019.12.28"]
[Round "4"]
[White "Goslawski, Michal"]
[Black "Rudzinska, Michalina"]
[Result "1-0"]
[WhiteElo "2157"]
[BlackElo "2005"]
[PlyCount "125"]
[EventDate "2019.12.27"]
[EventType "swiss"]
[EventRounds "9"]
[EventCountry "POL"]
[SourceTitle "CBM 194 Extra"]
[Source "ChessBase"]
[SourceDate "2020.03.31"]
[SourceVersion "1"]
[SourceVersionDate "2020.03.31"]
[SourceQuality "1"]

1. Nf3 c5 2. g3 Nf6 3. Bg2 Nc6 4. 0-0 e6 5. c4 Be7 6. b3 0-0 7. Bb2 d5 8. e3 b6 9. Nc3 Bb7 10. cxd5 exd5 11. d4 cxd4 12. Nxd4 Nxd4 13. Qxd4 Bc5 14. Qd3 Qd7 15. Ne2 Be7 16. Rad1 Rfd8 17. Nf4 a5 18. Bxf6 Bxf6 19. Nxd5 Bxd5 20. Bxd5 Rac8 21. Rfe1 Qe7 22. Re2 Rc3 23. Qd2 Qc5 24. e4 h6 25. Kg2 Rc8 26. Qf4 Rc2 27. Rde1 Rxe2 28. Rxe2 Re8 29. a4 Re7 30. h4 Qc7 31. Qe3 Re8 32. Qf3 Qc3 33. Re3 Qe5 34. Qg4 Re7 35. Rf3 h5 36. Qc8+ Re8 37. Qb7 Re7 38. Qxb6 Qc7 39. Qa6 Re5 40. Qa8+ Kh7 41. Qf8 Qe7 42. Qb8 Kg6 43. Qb6 Qb4 44. Qxb4 axb4 45. a5 Re7 46. a6 Bd4 47. Rf5 f6 48. Kf3 Rc7 49. Bc4 Be5 50. Ke2 Kh6 51. Rf3 g6 52. Rd3 Kg7 53. f4 Bc3 54. Rd8 Re7 55. Kd3 Be1 56. Ke3 Bxg3 57. Rb8 g5 58. hxg5 fxg5 59. Rg8+ Kh6 60. fxg5+ Kh7 61. g6+ Kh6 62. Rh8+ Kg5 63. Rh7 1-0

[Event "Warsaw-ch 68th"]
[Site "Warsaw"]
[Date "2019.11.13"]
[Round "2"]
[White "Mis, Mieszko"]
[Black "Goslawski, Michal"]
[Result "1-0"]
[WhiteElo "2328"]
[BlackElo "2155"]
[PlyCount "63"]
[EventDate "2019.11.12"]
[EventType "swiss"]
[EventRounds "9"]
[EventCountry "POL"]
[SourceTitle "CBM 193 Extra"]
[Source "ChessBase"]
[SourceDate "2020.01.31"]
[SourceVersion "1"]
[SourceVersionDate "2020.01.31"]
[SourceQuality "1"]

1. d4 Nf6 2. Nf3 d5 3. g3 e6 4. Bg2 Be7 5. c4 0-0 6. 0-0 dxc4 7. Qc2 b6 8. Bg5 Nd5 9. Bxe7 Qxe7 10. Nbd2 b5 11. b3 c3 12. Ne4 b4 13. a3 f5 14. Nc5 Nc6 15. e4 fxe4 16. Qxe4 Kh8 17. h4 Rxf3 18. Bxf3 Qf6 19. Rad1 bxa3 20. Bg2 Ncb4 21. Rfe1 Rb8 22. Ra1 a2 23. Bf1 Kg8 24. Bd3 g6 25. Bc4 c6 26. Rec1 c2 27. Re1 Kg7 28. Kg2 Kf7 29. Bxd5 cxd5 30. Qe3 Kg7 31. Qc3 Rb6 32. Na4 1-0

[Event "Warsaw-ch 68th"]
[Site "Warsaw"]
[Date "2019.11.12"]
[Round "1"]
[White "Goslawski, Michal"]
[Black "Janeczko, Jakub"]
[Result "1-0"]
[WhiteElo "2155"]
[BlackElo "1839"]
[PlyCount "83"]
[EventDate "2019.11.12"]
[EventType "swiss"]
[EventRounds "9"]
[EventCountry "POL"]
[SourceTitle "CBM 193 Extra"]
[Source "ChessBase"]
[SourceDate "2020.01.31"]
[SourceVersion "1"]
[SourceVersionDate "2020.01.31"]
[SourceQuality "1"]

1. g3 d5 2. Nf3 Nc6 3. Bg2 e5 4. d3 Be7 5. c3 Nf6 6. 0-0 0-0 7. Qc2 h6 8. e4 Be6 9. exd5 Nxd5 10. Re1 Bd6 11. Nbd2 Qd7 12. Nc4 f6 13. Nfd2 b5 14. Nxd6 cxd6 15. Nf1 Rac8 16. Qe2 b4 17. Bd2 Nde7 18. d4 bxc3 19. bxc3 Na5 20. Ne3 Nc4 21. d5 Bg4 22. Nxg4 Nxd2 23. Ne3 f5 24. Qxd2 f4 25. Nc2 f3 26. Bf1 Ng6 27. Ne3 Rf6 28. Rab1 Nf4 29. Rb4 a5 30. Re4 Rcf8 31. Kh1 Rg6 32. gxf4 exf4 33. Re6 Rg5 34. Nc2 Qf7 35. Qd3 Qh5 36. Nd4 Rg3 37. Qe4 Qg5 38. Nxf3 Qh5 39. fxg3 fxg3 40. Re8 g2+ 41. Bxg2 Qxh2+ 42. Kxh2 1-0

[Event "Rubinstein Memorial-A 55th"]
[Site "Polanica Zdroj"]
[Date "2019.08.19"]
[Round "3"]
[White "Goslawski, Michal"]
[Black "Wojcik, Wieslaw"]
[Result "1-0"]
[WhiteElo "2160"]
[BlackElo "1882"]
[PlyCount "86"]
[EventDate "2019.08.17"]
[EventType "swiss"]
[EventRounds "9"]
[EventCountry "POL"]
[SourceTitle "EXT 2020"]
[Source "ChessBase"]
[SourceDate "2019.10.17"]
[SourceVersion "1"]
[SourceVersionDate "2019.10.17"]
[SourceQuality "1"]

1. g3 g6 2. c4 Bg7 3. d4 Nf6 4. Nf3 0-0 5. Bg2 d6 6. 0-0 Nbd7 7. Nc3 e5 8. e4 Re8 9. h3 h6 10. Rb1 exd4 11. Nxd4 Nc5 12. Re1 a5 13. Ndb5 Bd7 14. Bf4 Ne6 15. Be3 Bc6 16. Qc2 Nd7 17. Rbd1 Ndc5 18. f4 Qc8 19. Qf2 Nd7 20. Rf1 f5 21. exf5 gxf5 22. Nd5 Ndc5 23. Rfe1 Ne4 24. Qf3 Qd7 25. a4 Bxb2 26. g4 N6c5 27. gxf5 Bxd5 28. cxd5 Nf6 29. Qf2 Nxa4 30. Qg3+ Kh8 31. Nd4 Rg8 32. Qh4 Qg7 33. Rd2 Nxd5 34. Ne6 Qf6 35. Ng5 Nxe3 36. Rxe3 Rae8 37. Re6 Rxe6 38. fxe6 Rg6 39. Be4 Rg7 40. Kh1 Kg8 41. Bd5 Qe7 42. Qxh6 Bc1 43. Nf7 Qf6 1-0

[Event "Warsaw Najdorf Memorial op-A 17th"]
[Site "Warsaw"]
[Date "2019.07.11"]
[Round "6"]
[White "Fedorov, Alexei"]
[Black "Goslawski, Michal"]
[Result "1-0"]
[WhiteElo "2551"]
[BlackElo "2091"]
[PlyCount "105"]
[EventDate "2019.07.06"]
[EventType "swiss"]
[EventRounds "9"]
[EventCountry "POL"]
[SourceTitle "CBM 191 Extra"]
[Source "ChessBase"]
[SourceDate "2019.09.30"]
[SourceVersion "1"]
[SourceVersionDate "2019.09.30"]
[SourceQuality "1"]

1. e4 e5 2. Nc3 Nf6 3. g3 Bc5 4. Bg2 Nc6 5. Nge2 Nd4 6. Na4 Nxe2 7. Qxe2 Be7 8. 0-0 d6 9. c4 Bg4 10. f3 Bd7 11. Nc3 h5 12. h3 c6 13. d3 h4 14. g4 Nh7 15. f4 g5 16. fxe5 dxe5 17. Qf2 Be6 18. Nd5 0-0 19. Nxe7+ Qxe7 20. Be3 Rfd8 21. Rfd1 b6 22. c5 Qb7 23. b3 bxc5 24. Bxc5 Rd7 25. Rd2 Kg7 26. d4 Rad8 27. Rad1 f6 28. dxe5 fxe5 29. Rxd7+ Rxd7 30. Rxd7+ Qxd7 31. Bxa7 Qd1+ 32. Kh2 Nf8 33. Be3 Nh7 34. Qd2 Qxd2 35. Bxd2 Kf6 36. Bb4 Bf7 37. Kg1 Ke6 38. Kf2 Nf6 39. Bd2 Bg6 40. Bxg5 Nxe4+ 41. Bxe4 Bxe4 42. Bxh4 Kd5 43. b4 Bd3 44. a4 c5 45. bxc5 Kxc5 46. a5 Kd5 47. Bf6 Ke4 48. Kg3 Kd5 49. h4 Ke6 50. Bg7 Ba6 51. h5 e4 52. Bd4 Kf7 53. g5 1-0

[Event "Warsaw Najdorf Memorial op-A 17th"]
[Site "Warsaw"]
[Date "2019.07.08"]
[Round "3"]
[White "Goslawski, Michal"]
[Black "Janik, Igor"]
[Result "1/2-1/2"]
[WhiteElo "2091"]
[BlackElo "2495"]
[PlyCount "117"]
[EventDate "2019.07.06"]
[EventType "swiss"]
[EventRounds "9"]
[EventCountry "POL"]
[SourceTitle "CBM 191 Extra"]
[Source "ChessBase"]
[SourceDate "2019.09.30"]
[SourceVersion "1"]
[SourceVersionDate "2019.09.30"]
[SourceQuality "1"]

1. Nf3 d5 2. g3 Nf6 3. Bg2 c6 4. c4 g6 5. b3 Bg7 6. Bb2 0-0 7. 0-0 Bg4 8. d3 Bxf3 9. Bxf3 e6 10. Nd2 a5 11. Qc2 Nbd7 12. d4 a4 13. Rfd1 b5 14. Ba3 Re8 15. cxb5 cxb5 16. Bb4 Qb6 17. e3 Rac8 18. Qd3 e5 19. Be2 exd4 20. exd4 Ne4 21. Nf3 Qe6 22. Bf1 Qf5 23. Rac1 Ndf6 24. Be1 axb3 25. axb3 Rxc1 26. Rxc1 Bh6 27. Ra1 Rb8 28. Ne5 Bf8 29. Qf3 Qe6 30. Ra7 Bc5 31. dxc5 Qxe5 32. c6 d4 33. Qf4 Qxf4 34. gxf4 Nd5 35. Ba5 Nec3 36. Rd7 Rc8 37. c7 Kg7 38. Bxb5 Nxb5 39. Rxd5 Nxc7 40. Rc5 d3 41. Kf1 Rd8 42. Rxc7 d2 43. Bc3+ Kf8 44. Bxd2 Rxd2 45. Rc3 Rb2 46. Kg2 Kg7 47. Kf3 h5 48. Ke3 Kf6 49. h3 Rb1 50. Ke4 Re1+ 51. Re3 Rf1 52. Rf3 Re1+ 53. Kd4 Rd1+ 54. Kc4 Kf5 55. b4 Ke4 56. Rb3 Rd2 57. b5 Rxf2 58. b6 Rc2+ 59. Kb5 1/2-1/2

[Event "Warsaw Najdorf Memorial op-A 17th"]
[Site "Warsaw"]
[Date "2019.07.07"]
[Round "2"]
[White "Menezes, Christoph"]
[Black "Goslawski, Michal"]
[Result "0-1"]
[WhiteElo "2413"]
[BlackElo "2091"]
[PlyCount "130"]
[EventDate "2019.07.06"]
[EventType "swiss"]
[EventRounds "9"]
[EventCountry "POL"]
[SourceTitle "CBM 191 Extra"]
[Source "ChessBase"]
[SourceDate "2019.09.30"]
[SourceVersion "1"]
[SourceVersionDate "2019.09.30"]
[SourceQuality "1"]

1. Nf3 Nf6 2. c4 e6 3. Nc3 d5 4. e3 Nbd7 5. b3 b6 6. Bb2 Bb7 7. cxd5 exd5 8. d4 Bd6 9. g3 0-0 10. Bg2 Re8 11. 0-0 a6 12. Ne2 Ne4 13. Nf4 Qe7 14. Nd3 Rad8 15. Rc1 f6 16. Re1 Qf7 17. Rc2 Nf8 18. Qc1 Qe7 19. Rd1 Ng6 20. Nfe1 h5 21. Re2 h4 22. Nf4 Nxf4 23. exf4 hxg3 24. hxg3 Qf7 25. Nc2 Re7 26. Ne3 g6 27. Nf1 f5 28. Nh2 Qh7 29. Nf3 Qh5 30. Ba3 c5 31. Rde1 Rde8 32. Nh4 Kh7 33. Bb2 Qg4 34. Bf3 Qh3 35. Bg2 Qg4 36. Re3 Kg8 37. Nf3 Rc8 38. Qb1 c4 39. bxc4 dxc4 40. Nh2 Qh5 41. f3 Nd2 42. Qc1 Rh7 43. Qxd2 Qxh2+ 44. Kf2 Bd5 45. Re6 Bxe6 46. Rxe6 c3 47. Bxc3 Rhc7 48. Re3 Qh8 49. Qe1 Kf7 50. Qd2 Qf6 51. Qb2 Kg7 52. Qb3 Qf7 53. Qb2 b5 54. a3 Re7 55. d5+ Kg8 56. Be5 Bxe5 57. fxe5 Qxd5 58. f4 Qc5 59. Qb3+ Kg7 60. g4 Qc2+ 61. Qxc2 Rxc2+ 62. Kg3 Rec7 63. gxf5 gxf5 64. Re1 R7c3+ 65. Kh2 Kf8 0-1

[Event "Warsaw-chA 67th"]
[Site "Warsaw"]
[Date "2018.11.18"]
[Round "8"]
[White "Dwilewicz, Katarzyna"]
[Black "Goslawski, Michal"]
[Result "1/2-1/2"]
[WhiteElo "2070"]
[BlackElo "2099"]
[PlyCount "102"]
[EventDate "2018.11.12"]
[EventType "swiss"]
[EventRounds "9"]
[EventCountry "POL"]
[SourceTitle "EXT 2020"]
[Source "ChessBase"]
[SourceDate "2019.10.17"]
[SourceVersion "1"]
[SourceVersionDate "2019.10.17"]
[SourceQuality "1"]

1. d4 d5 2. Nf3 Nf6 3. c4 e6 4. g3 dxc4 5. Qa4+ Nbd7 6. Qxc4 a6 7. a4 b5 8. Qc2 Bb7 9. Bg2 c5 10. axb5 axb5 11. Rxa8 Qxa8 12. Nbd2 cxd4 13. Qd3 Qa4 14. b3 Qb4 15. 0-0 e5 16. Nxd4 Bxg2 17. Nc2 e4 18. Qe3 Qc5 19. Qxc5 Bxc5 20. Kxg2 Ke7 21. Ba3 Kd6 22. Nd4 b4 23. Nc4+ Kd5 24. Ne3+ Ke5 25. Nc6+ Ke6 26. Bxb4 Bxb4 27. Nxb4 Nc5 28. Rb1 Rd8 29. Rb2 g6 30. Na2 Nd5 31. Nxd5 Rxd5 32. b4 Na4 33. Rc2 Rb5 34. f3 exf3+ 35. exf3 Nb6 36. Kf2 Nd5 37. Rc4 g5 38. Ke2 f5 39. Kd3 Ke5 40. Rc5 Rxc5 41. bxc5 h5 42. Nc1 f4 43. Ne2 fxg3 44. Nxg3 h4 45. Ne4 Kf4 46. Kd4 Ne7 47. h3 Kxf3 48. Nxg5+ Kf4 49. Nf7 Kg3 50. Ng5 Kf4 51. Nf7 Kg3 1/2-1/2

[Event "Rubinstein Memorial-A 54th"]
[Site "Polanica Zdroj"]
[Date "2018.08.26"]
[Round "9"]
[White "Goslawski, Michal"]
[Black "Kucza, Karol"]
[Result "1/2-1/2"]
[WhiteElo "2110"]
[BlackElo "2342"]
[PlyCount "70"]
[EventDate "2018.08.18"]
[EventType "swiss"]
[EventRounds "9"]
[EventCountry "POL"]
[SourceTitle "CBM 186 Extra"]
[Source "ChessBase"]
[SourceDate "2018.08.24"]
[SourceVersion "1"]
[SourceVersionDate "2018.08.24"]
[SourceQuality "1"]

1. Nf3 Nf6 2. c4 e6 3. g3 d5 4. d4 dxc4 5. Bg2 a6 6. 0-0 Nc6 7. e3 Bd7 8. Qe2 Bd6 9. Qxc4 0-0 10. Rd1 Rb8 11. Nc3 Qe7 12. e4 b5 13. Qe2 e5 14. dxe5 Nxe5 15. Nxe5 Bxe5 16. h3 b4 17. Nd5 Nxd5 18. Rxd5 Bc6 19. Rd1 Bb5 20. Qc2 c5 21. Be3 Rbc8 22. a4 bxa3 23. Rxa3 Rfd8 24. Rxd8+ Qxd8 25. Bxc5 Bxb2 26. Qxb2 Rxc5 27. Rc3 Qd4 28. Rxc5 Qxc5 29. Qd2 Qc7 30. Qd5 Bc6 31. Qc5 Qb7 32. Qa5 h6 33. Bf1 Qb1 34. Qxa6 Bxe4 35. Qb5 Qxb5 1/2-1/2

[Event "Rubinstein Memorial-A 54th"]
[Site "Polanica Zdroj"]
[Date "2018.08.25"]
[Round "8"]
[White "Szelag, Zuzanna"]
[Black "Goslawski, Michal"]
[Result "0-1"]
[WhiteElo "1934"]
[BlackElo "2110"]
[PlyCount "82"]
[EventDate "2018.08.18"]
[EventType "swiss"]
[EventRounds "9"]
[EventCountry "POL"]
[SourceTitle "CBM 186 Extra"]
[Source "ChessBase"]
[SourceDate "2018.08.24"]
[SourceVersion "1"]
[SourceVersionDate "2018.08.24"]
[SourceQuality "1"]

1. e4 e5 2. Nf3 Nf6 3. Nxe5 d6 4. Nf3 Nxe4 5. Nc3 Nxc3 6. dxc3 Be7 7. Be3 0-0 8. Qd2 Nd7 9. 0-0-0 Re8 10. h4 Nc5 11. Nd4 Ne4 12. Qd3 Bf6 13. g3 c5 14. Nb5 Bg4 15. Re1 d5 16. Be2 c4 17. Qd1 Bxe2 18. Qxe2 Qa5 19. Na3 Nxc3 20. Qd2 Nxa2+ 21. Kb1 Nc3+ 22. Kc1 b6 23. Bg5 Ne4 24. Qxa5 Bxg5+ 25. hxg5 bxa5 26. Re2 Nxg5 27. Rhe1 Rxe2 28. Rxe2 Ne6 29. Rd2 Rd8 30. Nb5 a6 31. Nc3 d4 32. Ne2 h5 33. Ng1 g5 34. Nf3 Rd5 35. Kd1 Kg7 36. Ke2 f5 37. Kf1 Kf6 38. Kg2 f4 39. Kh2 g4 40. Nh4 f3 41. Kg1 Rb5 0-1

[Event "Rubinstein Memorial-A 54th"]
[Site "Polanica Zdroj"]
[Date "2018.08.22"]
[Round "5"]
[White "Goslawski, Michal"]
[Black "Golecki, Jan"]
[Result "1/2-1/2"]
[WhiteElo "2110"]
[BlackElo "1943"]
[PlyCount "60"]
[EventDate "2018.08.18"]
[EventType "swiss"]
[EventRounds "9"]
[EventCountry "POL"]
[SourceTitle "CBM 186 Extra"]
[Source "ChessBase"]
[SourceDate "2018.08.24"]
[SourceVersion "1"]
[SourceVersionDate "2018.08.24"]
[SourceQuality "1"]

1. g3 d5 2. Nf3 c5 3. Bg2 Nc6 4. d4 Nf6 5. 0-0 Qb6 6. dxc5 Qxc5 7. Bf4 Bf5 8. c3 g6 9. a4 Bg7 10. b4 Qb6 11. a5 Qd8 12. a6 b6 13. Ne5 Nxe5 14. Bxe5 0-0 15. Qd4 Bxb1 16. Raxb1 Rc8 17. Rfd1 e6 18. Rbc1 Rc4 19. Qxc4 dxc4 20. Rxd8 Rxd8 21. Bc7 Rd7 22. Bb8 Nd5 23. Bxd5 exd5 24. g4 f5 25. gxf5 gxf5 26. Kg2 Kf7 27. Kf3 Ke6 28. e3 Bf6 29. Ke2 Rg7 30. Kf3 Be5 1/2-1/2

[Event "Rubinstein Memorial-A 54th"]
[Site "Polanica Zdroj"]
[Date "2018.08.20"]
[Round "3"]
[White "Goslawski, Michal"]
[Black "Manik, Mikulas"]
[Result "0-1"]
[WhiteElo "2110"]
[BlackElo "2408"]
[PlyCount "100"]
[EventDate "2018.08.18"]
[EventType "swiss"]
[EventRounds "9"]
[EventCountry "POL"]
[SourceTitle "CBM 186 Extra"]
[Source "ChessBase"]
[SourceDate "2018.08.24"]
[SourceVersion "1"]
[SourceVersionDate "2018.08.24"]
[SourceQuality "1"]

1. Nf3 Nf6 2. c4 g6 3. g3 Bg7 4. Bg2 0-0 5. 0-0 c6 6. b3 Ne4 7. d4 d5 8. Bb2 Bf5 9. Nc3 Nxc3 10. Bxc3 Be4 11. Rc1 a5 12. e3 Nd7 13. Qe2 Nf6 14. Rfd1 e6 15. Bf1 Bxf3 16. Qxf3 Ne4 17. Be1 f5 18. Bd3 Qe7 19. Qe2 h5 20. f3 Nf6 21. h4 e5 22. dxe5 Qxe5 23. Kg2 Rfe8 24. Bc3 Qxe3 25. Qxe3 Rxe3 26. Bd4 Re7 27. cxd5 Nxd5 28. Bc4 Rd7 29. Bxd5+ cxd5 30. Rc5 Bf8 31. Rb5 a4 32. Be5 axb3 33. axb3 Ra3 34. Rd3 Bg7 35. f4 Kf7 36. Rb6 Ra6 37. Rxa6 bxa6 38. Bxg7 Kxg7 39. Rd4 Rd6 40. Kf3 Rb6 41. Rxd5 Rxb3+ 42. Kf2 Rb7 43. Ke3 Ra7 44. Ra5 Kf7 45. Kd4 Ke6 46. Kc5 Rc7+ 47. Kb6 Rc3 48. Rxa6 Kf7 49. Ra7+ Kf6 50. Ra6 Kg7 0-1

[Event "Warsaw YMCA Autumn-A 174th"]
[Site "Warsaw"]
[Date "2016.12.09"]
[Round "12"]
[White "Goslawski, Michal"]
[Black "Wojtaszewski, Piotr"]
[Result "1/2-1/2"]
[WhiteElo "2153"]
[BlackElo "1998"]
[PlyCount "37"]
[EventDate "2016.09.23"]
[EventType "tourn"]
[EventRounds "13"]
[EventCountry "POL"]
[SourceTitle "EXT 2018"]
[Source "ChessBase"]
[SourceDate "2017.10.13"]
[SourceVersion "1"]
[SourceVersionDate "2017.10.13"]
[SourceQuality "1"]

1. d4 Nf6 2. Nf3 g6 3. g3 Bg7 4. Bg2 d5 5. c4 c6 6. cxd5 cxd5 7. 0-0 0-0 8. Nc3 a6 9. Ne5 e6 10. b3 Nfd7 11. Nf3 Nc6 12. Bb2 b5 13. Qd2 Bb7 14. e3 Qe7 15. Ne1 Rfc8 16. Nd3 Nd8 17. Rfc1 Rc7 18. Ne2 Rac8 19. Rxc7 1/2-1/2

[Event "Warsaw YMCA Autumn-A 174th"]
[Site "Warsaw"]
[Date "2016.11.18"]
[Round "9"]
[White "Kasperkiewicz, Pawel"]
[Black "Goslawski, Michal"]
[Result "0-1"]
[WhiteElo "1908"]
[BlackElo "2153"]
[PlyCount "130"]
[EventDate "2016.09.23"]
[EventType "tourn"]
[EventRounds "13"]
[EventCountry "POL"]
[SourceTitle "EXT 2018"]
[Source "ChessBase"]
[SourceDate "2017.10.13"]
[SourceVersion "1"]
[SourceVersionDate "2017.10.13"]
[SourceQuality "1"]

1. e4 d6 2. d4 Nf6 3. Nc3 g6 4. Nf3 Bg7 5. Be2 0-0 6. 0-0 c6 7. Bf4 Nbd7 8. h3 Nh5 9. Bh2 e5 10. Qd2 Qf6 11. Rad1 h6 12. dxe5 dxe5 13. Qd6 Qxd6 14. Rxd6 Nf4 15. Bc4 a5 16. a4 g5 17. Rfd1 Nc5 18. Nd2 Re8 19. Nb3 Nce6 20. Ne2 Bf8 21. R6d2 Nxe2+ 22. Bxe2 f6 23. Bh5 Re7 24. Bg4 Rc7 25. Bg3 b5 26. Bxe6+ Bxe6 27. Nd4 Kf7 28. Nxe6 Kxe6 29. axb5 cxb5 30. f3 Rac8 31. c3 b4 32. Rd5 bxc3 33. bxc3 a4 34. Ra5 a3 35. Be1 Bc5+ 36. Kf1 h5 37. Rd5 Be7 38. Ke2 h4 39. Kd3 Rc6 40. Bd2 Rb8 41. c4 Rb3+ 42. Ke2 Rxc4 43. Ra6+ Kf7 44. Ra7 Rd4 45. Be3 Rb2+ 46. Ke1 Rxd5 47. exd5 a2 48. d6 Rb1+ 49. Kf2 a1Q 50. Rxa1 Rxa1 51. dxe7 Ra2+ 52. Kf1 Kxe7 53. Bb6 f5 54. Be3 Kf6 55. Bb6 Ra8 56. Bc7 Ke6 57. Bb6 Kd5 58. Be3 Rg8 59. Kf2 Kc4 60. Bc1 Kd3 61. g4 hxg3+ 62. Kxg3 e4 63. Kf2 Rg6 64. fxe4 fxe4 65. Ke1 e3 0-1